|
|
|
|
| LEADER |
01484nam a2200325 i 4500 |
| 001 |
41179 |
| 003 |
BD-DhAAL |
| 005 |
20230510114434.0 |
| 008 |
210524s2021 nyua 000 0 eng |
| 010 |
|
|
|a 2021016697
|
| 020 |
|
|
|a 9780593087749
|
| 020 |
|
|
|z 9780593087756
|
| 040 |
|
|
|a DLC
|b eng
|c DLC
|e rda
|d DLC
|d BD-DhAAL
|
| 042 |
|
|
|a pcc
|
| 050 |
0 |
0 |
|a HD57.7
|b .D486 2021
|
| 082 |
0 |
0 |
|a 658.4092
|2 23
|
| 100 |
1 |
|
|a Dell, Michael,
|d 1965-
|e author.
|9 54175
|
| 245 |
1 |
0 |
|a Play nice but win :
|b a CEO's journey from founder to leader /
|c Michael Dell.
|
| 264 |
|
1 |
|a New York :
|b Portfolio,
|c [2021]
|
| 300 |
|
|
|a 324 pages :
|b illustrations (chiefly color) ;
|c 24 cm.
|
| 520 |
|
|
|a "More than an honest portrait of a leader at a crossroads, Play Nice But Win is a survival story proving that while anyone with technological insight and entrepreneurial zeal might build something great-it takes a leader to build something that lasts"--
|
| 541 |
|
|
|a Complimentary copy from Dr. Sang Hoon Lee, Dean of Brac Business School, Brac University
|e 41179
|
| 650 |
|
0 |
|a Leadership.
|
| 650 |
|
0 |
|a Chief executive officers.
|
| 650 |
|
0 |
|a Entrepreneurship.
|
| 650 |
|
0 |
|a Business.
|
| 852 |
|
|
|a Ayesha Abed Library
|c General Stacks
|
| 942 |
|
|
|2 ddc
|c BK
|
| 999 |
|
|
|c 45737
|d 45737
|
| 952 |
|
|
|0 0
|1 0
|2 ddc
|4 0
|6 658_409200000000000_DEL
|7 0
|9 73615
|a BRACUL
|b BRACUL
|c GEN
|d 2023-05-10
|e Complimentary copy from Dr. Sang Hoon Lee
|g 920.00
|l 1
|m 3
|o 658.4092 DEL
|p 3010041179
|r 2024-07-06
|s 2024-06-09
|t 1
|w 2023-05-10
|y BK
|x Rs 699.00
|